[Event "ACT-ch"]
[Site "Canberra"]
[Date "2014.03.29"]
[Round "7"]
[White "Badrinarayan, Sankeertan"]
[Black "Turner, Dylan"]
[Result "1-0"]
[WhiteElo "1220"]
[BlackElo "742"]
[PlyCount "57"]
[EventDate "2014.03.21"]
[EventType "swiss"]
[EventRounds "9"]
[EventCountry "AUS"]
[SourceTitle "CBM 159 Extra"]
[Source "ChessBase"]
[SourceDate "2014.04.24"]
[SourceVersion "1"]
[SourceVersionDate "2014.04.24"]
[SourceQuality "1"]

1. Nf3 d5 2. d4 Bf5 3. g3 Nc6 4. Bg2 Nf6 5. Bf4 Nb4 6. Na3 Rc8 7. c3 Nc6 8. 0-0 e6 9. Nh4 Nh5 10. Nxf5 Nxf4 11. Nxg7+ Bxg7 12. gxf4 Qh4 13. e3 Rg8 14. Qf3 f6 15. Kh1 e5 16. Qxd5 Ne7 17. Qf3 Nc6 18. Bh3 Rd8 19. Rg1 Qh6 20. Rae1 Kf7 21. fxe5 Rgf8 22. Rg3 Kg8 23. e6 f5 24. Reg1 Kh8 25. Rxg7 f4 26. e7 Nxe7 27. Rxe7 fxe3 28. Qe4 Qxh3 29. Qe5+ 1-0